| 000 | | | 04741nac2a22003133x 450 |
| 001 | | | 8842a749-1de5-42b0-a79d-9ed2b24cd1bd |
| 005 | | | 20210719192316.0 |
| 100 | ## | $a | 20210612l19361937k y0rusy50 ca |
| 101 | 0# | $a | rus |
| 102 | ## | $a | RU |
| 105 | ## | $a | y z ||||| |
| 122 | 2# | $a | d19361231 |
| | $a | d19370131 |
| 122 | 2# | $a | d193612 |
| | $a | d193701 |
| 200 | 1# | $a | Материалы о цензорах для просмотра материалов и бюллетеней 3-й Сессии ЦИК СССР 7-го созыва |
| | $j | Декабрь 1936 - январь 1937 |
| 215 | ## | $a | 3 листа |
| 251 | ## | $c | Дело |
| 300 | ## | $a | Заголовок дела на папке: Материалы о цензорах для просмотра материалов и бюллетеней 3-й Сессии ЦИК СССР VII-го созыва. Декабрь-январь 1937 г. |
| 300 | ## | $a | На папке дела: 27/XII-36 г. - 19/I-1937 г. |
| 300 | ## | $a | В деле имеются копии отдельных документов |
| 300 | ## | $a | Машинописный и рукописный текст |
| 330 | ## | $a | Входит в раздел описи: VII-й Съезд Советов. 3-я Сессия ЦИК СССР |
| 461 | #0 | $1 | 001796d4672-8a00-4986-b488-6e42273792cc |
| | $1 | 2001 |
| | $a | ЦЕНТРАЛЬНЫЙ ИСПОЛНИТЕЛЬНЫЙ КОМИТЕТ СССР (ЦИК СССР) |
| | $1 | 251 |
| | $c | Фонд |
| | $1 | 852 |
| | $j | 3316 |
| | $g | Р |
| 462 | #0 | $1 | 0012246e4af-064a-4b66-b386-cae0ddb7fb2d |
| | $1 | 2001 |
| | $a | Дела 7-го Съезда Советов и 1-й, 2-й, 3-й, 4-й Сессий 7-го созыва. 1935-1937 гг. |
| | $v | Д. 185 |
| | $1 | 251 |
| | $c | Опись |
| | $1 | 852 |
| | $j | 7 |
| 517 | 1# | $a | Материалы о цензорах для просмотра материалов и бюллетеней 3-й Сессии ЦИК СССР VII-го созыва. Декабрь 1936 г. - январь 1937 г. |
| 601 | 01 | $3 | RU\NLR\AUTH\880357276 |
| | $a | СССР |
| | $b | ЦИК |
| 601 | 02 | $3 | RU\NLR\AUTH\880399377 |
| | $a | СССР |
| | $b | ЦИК |
| | $b | Созыв |
| | $c | 7 |
| | $b | Сессия |
| | $d | 3 |
| 801 | #0 | $a | RU |
| | $b | GA_RF |
| 801 | #1 | $a | RU |
| | $b | ГлавНИВЦ |
| | $c | 20210612 |
| | $2 | rusmarc |
| 801 | #2 | $a | RU |
| | $b | ПБ им. Б.Н. Ельцина |
| | $c | 20210719 |
| | $g | RCR |
| | $2 | rusmarc |
| 852 | ## | $a | ГА РФ |
| | $j | 185 |
| 937 | ## | $d | 166422838 |
| | $h | ГАРФ |
| 035 | ## | $a | RuPRLIB51060640 |
| 856 | ## | $u | http://readingroom.main.prlib.ru/item.aspx?id_node=n166422838&mode=full |